{"text_format":"3","workbook":"xlsx","n_sheets":7,"sheets":["表-04 单位工程预算价汇总表","表-08 分部分项工程和单价措施项目清单与计价表(含分部小计)","表-09 分部分项工程量清单综合单价分析表","表-11 总价措施项目清单与计价表","表-12 其他项目清单与计价汇总表","表-13 规费、税金项目清单与计价表","单位工程人材机汇总表"],"read":"whole","date_system":"1900"}

{"sheet":"表-04 单位工程预算价汇总表","index":0,"n_rows":38,"n_cols":6,"rows_kept":38,"merged":[[0,0,0,5],[1,0,1,2],[1,4,1,5],[2,2,2,4],[3,2,3,4],[4,2,4,4],[5,2,5,4],[6,2,6,4],[7,2,7,4],[8,2,8,4],[9,2,9,4],[10,2,10,4],[11,2,11,4],[12,2,12,4],[13,2,13,4],[14,2,14,4],[15,2,15,4],[16,2,16,4],[17,2,17,4],[18,2,18,4],[19,2,19,4],[20,2,20,4],[21,2,21,4],[22,2,22,4],[23,2,23,4],[24,2,24,4],[25,2,25,4],[26,2,26,4],[27,2,27,4],[28,2,28,4],[29,2,29,4],[30,2,30,4],[31,2,31,4],[32,2,32,4],[33,2,33,4],[34,2,34,4],[35,2,35,4],[36,0,36,1],[36,2,36,4],[37,0,37,2],[37,4,37,5]]}
["单位工程汇总表"]
["工程名称：板桥公园、廖地公园建设工程--园建工程",null,null,"标段：","第 1 页  共 1 页"]
["序号","汇总内容","金额:(元)",null,null,"其中：暂估价(元)"]
["1","分部分项合计",404523.03]
["1.1","余泥渣土运输费",2538.9]
["1.2","拆除工程",5872.75]
["1.3","园建工程",396111.38]
["2","措施合计",19662.64]
["2.1","绿色施工安全防护措施费",15970.09]
["2.2","其他措施费",3692.55]
["3","其他项目",4839.42,null,null,"－"]
["3.1","暂列金额"]
["3.2","暂估价"]
["3.3","计日工"]
["3.4","总承包服务费"]
["3.5","预算包干费",4839.42]
["3.6","工程优质费"]
["3.7","概算幅度差"]
["3.8","索赔费用"]
["3.9","现场签证费用"]
["3.10","其他费用"]
["4","税前工程造价",429025.09]
["5","增值税销项税额",38612.26,null,null,"－"]
["6","总造价",467637.35]
["7","人工费",70794.63]
{"$rows_empty":11}
["预算价合计=1+2+3+5",null,"467,637.35",null,null,"0.00"]
[{"$nulls":4},"表—04"]

{"sheet":"表-08 分部分项工程和单价措施项目清单与计价表(含分部小计)","index":1,"n_rows":75,"n_cols":11,"rows_kept":75,"merged":[[0,0,0,10],[1,0,1,3],[1,4,1,7],[1,8,1,10],[2,0,3,0],[2,1,3,1],[2,2,3,2],[2,3,3,4],[2,5,3,5],[2,6,3,6],[2,7,2,10],[3,7,3,8],[3,9,3,9],[4,3,4,4],[4,7,4,8],[5,3,5,4],[5,7,5,8],[6,3,6,4],[6,7,6,8],[7,3,7,4],[7,7,7,8],[8,3,8,4],[8,7,8,8],[9,3,9,4],[9,7,9,8],[10,3,10,4],[10,7,10,8],[11,3,11,4],[11,7,11,8],[12,3,12,4],[12,7,12,8],[13,3,13,4],[13,7,13,8],[14,3,14,4],[14,7,14,8],[15,3,15,4],[15,7,15,8],[16,3,16,4],[16,7,16,8],[17,3,17,4],[17,7,17,8],[18,0,18,8],[19,0,19,10],[20,0,20,3],[20,4,20,7],[20,8,20,10],[21,0,21,10],[22,0,22,3],[22,4,22,7],[22,8,22,10],[23,0,24,0],[23,1,24,1],[23,2,24,2],[23,3,24,4],[23,5,24,5],[23,6,24,6],[23,7,23,10],[24,7,24,8],[24,9,24,9],[25,3,25,4],[25,7,25,8],[26,3,26,4],[26,7,26,8],[27,3,27,4],[27,7,27,8],[28,3,28,4],[28,7,28,8],[29,3,29,4],[29,7,29,8],[30,3,30,4],[30,7,30,8],[31,3,31,4],[31,7,31,8],[32,3,32,4],[32,7,32,8],[33,3,33,4],[33,7,33,8],[34,3,34,4],[34,7,34,8],[35,3,35,4],[35,7,35,8],[36,0,36,8],[37,0,37,10],[38,0,38,3],[38,4,38,7],[38,8,38,10],[39,0,39,10],[40,0,40,3],[40,4,40,7],[40,8,40,10],[41,0,42,0],[41,1,42,1],[41,2,42,2],[41,3,42,4],[41,5,42,5],[41,6,42,6],[41,7,41,10],[42,7,42,8],[42,9,42,9],[43,3,43,4],[43,7,43,8],[44,3,44,4],[44,7,44,8],[45,3,45,4],[45,7,45,8],[46,3,46,4],[46,7,46,8],[47,3,47,4],[47,7,47,8],[48,3,48,4],[48,7,48,8],[49,3,49,4],[49,7,49,8],[50,3,50,4],[50,7,50,8],[51,3,51,4],[51,7,51,8],[52,3,52,4],[52,7,52,8],[53,3,53,4],[53,7,53,8],[54,3,54,4],[54,7,54,8],[55,3,55,4],[55,7,55,8],[56,3,56,4],[56,7,56,8],[57,3,57,4],[57,7,57,8],[58,3,58,4],[58,7,58,8],[59,3,59,4],[59,7,59,8],[60,3,60,4],[60,7,60,8],[61,3,61,4],[61,7,61,8],[62,3,62,4],[62,7,62,8],[63,3,63,4],[63,7,63,8],[64,3,64,4],[64,7,64,8],[65,3,65,4],[65,7,65,8],[66,3,66,4],[66,7,66,8],[67,3,67,4],[67,7,67,8],[68,3,68,4],[68,7,68,8],[69,3,69,4],[69,7,69,8],[70,3,70,4],[70,7,70,8],[71,0,71,8],[72,0,72,8],[73,0,73,10],[74,0,74,3],[74,4,74,7],[74,8,74,10]]}
["分部分项工程和单价措施项目清单与计价表"]
["工程名称：板桥公园、廖地公园建设工程--园建工程",{"$nulls":3},"标段：",{"$nulls":3},"第 1 页  共 3 页"]
["序号","项目编码","项目名称","项目特征描述",null,"计量单位","工程量","金额（元）"]
[{"$nulls":7},"综合单价",null,"综合合价","其中：暂估价"]
[null,null,"余泥渣土运输费"]
[1,"040103002001","余方弃置","1.废弃料品种:石方\n2.运距:15km",null,"m3","37.63",67.47,null,2538.9]
[null,null,"余泥渣土运输费合计",{"$nulls":6},2538.9]
[null,null,"拆除工程"]
[2,"011601001001","砖砌体拆除","1.砖砌体拆除",null,"m3","10.25",98.38,null,1008.4]
[3,"011609001001","金属栏杆拆除","1.金属栏杆拆除",null,"m","20.5",27.49,null,563.55]
[4,"011605002001","立面块料拆除","1.立面块料拆除",null,"m2","104.63",30.16,null,3155.64]
[5,"041001002001","拆除人行道","1.拆除原有室外地砖",null,"m2","410.45",2.79,null,1145.16]
[null,null,"拆除工程合计",{"$nulls":6},5872.75]
[null,null,"园建工程"]
[6,"011201001001","墙面一般抹灰","1.滚刷油性氟碳漆2道\n2.按分缝要求弹线\n3.涂刷抗碱底漆2道\n4.打磨\n5.粗腻子1-2遍；细腻子1遍\n6.20厚1：2.5聚合物水泥砂浆\n7.刷素水泥一道\n8.8厚1:3水泥砂浆打底",null,"m2","104.63",169.21,null,17704.44]
[7,"040203008001","块料面层","1.300×600×50mm芝麻灰花岗岩\n2.30mm厚1：3干硬性水泥砂浆结合层\n3.150mm厚C25混凝土\n4.100mm厚6%水泥石屑",null,"m2","141",392.77,null,55380.57]
[8,"050305006002","成品桌椅","1.成品桌椅\n2.C20混凝土基础",null,"个","2",1071.03,null,2142.06]
[9,"040204007002","花池砌筑","1.M10水泥砂浆砌砖\n2.面面厚度、材料种类:120×240仿古青砖\n3.100厚6%水泥石粉",null,"m","37.78",302.14,null,11414.85]
["本页小计",{"$nulls":8},95053.57]
["注：为计取规费等的使用，可在表中增设其中：“定额人工费”。"]
[{"$nulls":8},"表—08"]
["分部分项工程和单价措施项目清单与计价表"]
["工程名称：板桥公园、廖地公园建设工程--园建工程",{"$nulls":3},"标段：",{"$nulls":3},"第 2 页  共 3 页"]
["序号","项目编码","项目名称","项目特征描述",null,"计量单位","工程量","金额（元）"]
[{"$nulls":7},"综合单价",null,"综合合价","其中：暂估价"]
[10,"040201022001","排水沟","1.基础、垫层:材料品种、厚度:100mm厚碎石砂垫层\n2.砌体材料:M7.5水泥砂浆砌砖MU10砖\n3.砂浆强度等级:20厚1:2.5水泥砂浆\n4.盖板材质、规格:30厚300×300福建633烧面花岗岩排水沟盖",null,"m","20.16",243.32,null,4905.33]
[11,"040203007001","水泥混凝土","1.150厚C30混凝土路面\n2.水养生\n3.150厚6%水泥石屑",null,"m2","902.31",192.04,null,173279.61]
[12,"011103001001","橡胶板楼地面","1.5mmPU塑胶面层\n2.20厚1：2.5水泥砂浆找平（光面）",null,"m2","326.84",118.69,null,38792.64]
[13,"040201022002","排水渠","1.基础、垫层:材料品种、厚度:100厚6%水泥石屑、100厚C25混凝土\n2.砌体材料:M7.5水泥砂浆砌砖MU10砖\n3.砂浆强度等级:20厚1:2水泥防水砂浆\n4.盖板材质、规格:铸铁盖板",null,"m","88",414.89,null,36510.32]
[14,"010504004001","挡土墙","1.基础、垫层:材料品种、厚度:100mmC15垫层、300厚C25基础\n2.砌体材料:M7.5水泥砂浆砌砖MU10砖\n3. DN110塑料管泄水孔",null,"m","88",573.44,null,50462.72]
[15,"040205019001","硬塑车档","1.材料品种:硬塑车档\n2.规格、型号:500×150×145mm",null,"个","70",60,null,4200]
[16,"040205006001","标线","1.材料品种:黄色热反光标线",null,"m2","39.1",33.73,null,1318.84]
[null,null,"园建工程合计",{"$nulls":6},396111.38]
[null,null,"分部分项合计",{"$nulls":6},404523.03]
[null,null,"措施项目"]
[17,"011702001001","基础","1.独立基础模板",null,"m2","53.4",49.61,null,2649.17]
["本页小计",{"$nulls":8},312118.63]
["注：为计取规费等的使用，可在表中增设其中：“定额人工费”。"]
[{"$nulls":8},"表—08"]
["分部分项工程和单价措施项目清单与计价表"]
["工程名称：板桥公园、廖地公园建设工程--园建工程",{"$nulls":3},"标段：",{"$nulls":3},"第 3 页  共 3 页"]
["序号","项目编码","项目名称","项目特征描述",null,"计量单位","工程量","金额（元）"]
[{"$nulls":7},"综合单价",null,"综合合价","其中：暂估价"]
[18,"011702001002","基础","1.基础垫层模板",null,"m2","35.61",29.3,null,1043.37]
[null,null,"单价措施合计",{"$nulls":6},3692.54]
{"$rows_empty":26}
["本页小计",{"$nulls":8},1043.37]
["合   计",{"$nulls":8},408215.57]
["注：为计取规费等的使用，可在表中增设其中：“定额人工费”。"]
[{"$nulls":8},"表—08"]

{"sheet":"表-09 分部分项工程量清单综合单价分析表","index":2,"n_rows":110,"n_cols":14,"rows_kept":110,"merged":[[0,0,0,13],[1,0,1,9],[1,10,1,13],[2,0,3,0],[2,1,3,1],[2,2,3,3],[2,4,3,4],[2,5,3,5],[2,6,2,12],[2,13,3,13],[3,9,3,10],[4,2,4,3],[4,9,4,10],[5,0,7,0],[5,2,5,3],[5,9,5,10],[5,13,5,13],[6,2,6,3],[6,9,6,10],[6,13,7,13],[7,2,7,3],[7,9,7,10],[8,2,8,3],[8,9,8,10],[9,2,9,3],[9,9,9,10],[10,0,11,0],[10,2,10,3],[10,9,10,10],[10,13,10,13],[11,2,11,3],[11,9,11,10],[11,13,11,13],[12,2,12,3],[12,9,12,10],[13,0,14,0],[13,2,13,3],[13,9,13,10],[13,13,13,13],[14,2,14,3],[14,9,14,10],[14,13,14,13],[15,2,15,3],[15,9,15,10],[16,0,17,0],[16,2,16,3],[16,9,16,10],[16,13,16,13],[17,2,17,3],[17,9,17,10],[17,13,17,13],[18,2,18,3],[18,9,18,10],[19,0,20,0],[19,2,19,3],[19,9,19,10],[19,13,19,13],[20,2,20,3],[20,9,20,10],[20,13,20,13],[21,2,21,3],[21,9,21,10],[22,0,22,13],[23,0,23,9],[23,10,23,13],[24,0,25,0],[24,1,25,1],[24,2,25,3],[24,4,25,4],[24,5,25,5],[24,6,24,12],[24,13,25,13],[25,9,25,10],[26,2,26,3],[26,9,26,10],[27,0,30,0],[27,2,27,3],[27,9,27,10],[27,13,27,13],[28,2,28,3],[28,9,28,10],[28,13,30,13],[29,2,29,3],[29,9,29,10],[30,2,30,3],[30,9,30,10],[31,2,31,3],[31,9,31,10],[32,0,37,0],[32,2,32,3],[32,9,32,10],[32,13,32,13],[33,2,33,3],[33,9,33,10],[33,13,37,13],[34,2,34,3],[34,9,34,10],[35,2,35,3],[35,9,35,10],[36,2,36,3],[36,9,36,10],[37,2,37,3],[37,9,37,10],[38,2,38,3],[38,9,38,10],[39,0,39,0],[39,2,39,3],[39,9,39,10],[39,13,39,13],[40,0,40,13],[41,0,41,9],[41,10,41,13],[42,0,43,0],[42,1,43,1],[42,2,43,3],[42,4,43,4],[42,5,43,5],[42,6,42,12],[42,13,43,13],[43,9,43,10],[44,0,45,0],[44,2,44,3],[44,9,44,10],[44,13,45,13],[45,2,45,3],[45,9,45,10],[46,2,46,3],[46,9,46,10],[47,0,53,0],[47,2,47,3],[47,9,47,10],[47,13,47,13],[48,2,48,3],[48,9,48,10],[48,13,53,13],[49,2,49,3],[49,9,49,10],[50,2,50,3],[50,9,50,10],[51,2,51,3],[51,9,51,10],[52,2,52,3],[52,9,52,10],[53,2,53,3],[53,9,53,10],[54,2,54,3],[54,9,54,10],[55,0,56,0],[55,2,55,3],[55,9,55,10],[55,13,55,13],[56,2,56,3],[56,9,56,10],[56,13,56,13],[57,0,57,13],[58,0,58,9],[58,10,58,13],[59,0,60,0],[59,1,60,1],[59,2,60,3],[59,4,60,4],[59,5,60,5],[59,6,59,12],[59,13,60,13],[60,9,60,10],[61,0,63,0],[61,2,61,3],[61,9,61,10],[61,13,63,13],[62,2,62,3],[62,9,62,10],[63,2,63,3],[63,9,63,10],[64,2,64,3],[64,9,64,10],[65,0,70,0],[65,2,65,3],[65,9,65,10],[65,13,65,13],[66,2,66,3],[66,9,66,10],[66,13,70,13],[67,2,67,3],[67,9,67,10],[68,2,68,3],[68,9,68,10],[69,2,69,3],[69,9,69,10],[70,2,70,3],[70,9,70,10],[71,2,71,3],[71,9,71,10],[72,0,74,0],[72,2,72,3],[72,9,72,10],[72,13,72,13],[73,2,73,3],[73,9,73,10],[73,13,74,13],[74,2,74,3],[74,9,74,10],[75,0,75,13],[76,0,76,9],[76,10,76,13],[77,0,78,0],[77,1,78,1],[77,2,78,3],[77,4,78,4],[77,5,78,5],[77,6,77,12],[77,13,78,13],[78,9,78,10],[79,2,79,3],[79,9,79,10],[80,0,89,0],[80,2,80,3],[80,9,80,10],[80,13,80,13],[81,2,81,3],[81,9,81,10],[81,13,89,13],[82,2,82,3],[82,9,82,10],[83,2,83,3],[83,9,83,10],[84,2,84,3],[84,9,84,10],[85,2,85,3],[85,9,85,10],[86,2,86,3],[86,9,86,10],[87,2,87,3],[87,9,87,10],[88,2,88,3],[88,9,88,10],[89,2,89,3],[89,9,89,10],[90,2,90,3],[90,9,90,10],[91,0,91,0],[91,2,91,3],[91,9,91,10],[91,13,91,13],[92,0,92,13],[93,0,93,9],[93,10,93,13],[94,0,95,0],[94,1,95,1],[94,2,95,3],[94,4,95,4],[94,5,95,5],[94,6,94,12],[94,13,95,13],[95,9,95,10],[96,0,103,0],[96,2,96,3],[96,9,96,10],[96,13,103,13],[97,2,97,3],[97,9,97,10],[98,2,98,3],[98,9,98,10],[99,2,99,3],[99,9,99,10],[100,2,100,3],[100,9,100,10],[101,2,101,3],[101,9,101,10],[102,2,102,3],[102,9,102,10],[103,2,103,3],[103,9,103,10],[104,2,104,3],[104,9,104,10],[105,0,106,0],[105,2,105,3],[105,9,105,10],[105,13,105,13],[106,2,106,3],[106,9,106,10],[106,13,106,13],[107,2,107,3],[107,9,107,10],[108,0,109,0],[108,2,108,3],[108,9,108,10],[108,13,108,13],[109,2,109,3],[109,9,109,10],[109,13,109,13],[110,2,110,3],[110,9,110,10],[111,0,111,0],[111,2,111,3],[111,9,111,10],[111,13,111,13]]}
["分部分项工程量清单综合单价分析表"]
["工程名称：板桥公园、廖地公园建设工程--园建工程",{"$nulls":9},"第 1 页 共 6 页"]
["序号","编码","名称",null,"单位","工程量 ","其中：（元）",{"$nulls":6},"综合单价\n（元）"]
[{"$nulls":6},"人工费","材料费","机械费","管理费",null,"利润","小计"]
[null,null,"余泥渣土运输费"]
[1,"040103002001","余方弃置",null,"m3",37.63,0.84,null,52.03,6.67,null,7.93,67.47]
[null,"D1-1-124","挖掘机挖装松散石方",null,"1000m3天然密实方",0.03763,0.84,null,7.88,1.1,null,1.31,11.13,67.47]
[null,"D1-1-126 换","自卸汽车运石方 运距1km \u007f实际运距(km):15",null,"1000m3天然密实方",0.03763,null,null,44.15,5.57,null,6.62,56.34]
[]
[null,null,"拆除工程"]
[2,"011601001001","砖砌体拆除",null,"m3",10.25,76.22,null,null,10.72,null,11.43,98.38]
[null,"借A1-19-4","墙体拆除 砖砌墙体 实心砖墙",null,"100m3",0.1025,76.22,null,null,10.72,null,11.43,98.38,98.38]
[]
[3,"011609001001","金属栏杆拆除",null,"m",20.5,21.3,null,null,3,null,3.2,27.49]
[null,"借A1-19-46","栏杆、栏板拆除 金属",null,"10m",2.05,21.3,null,null,3,null,3.2,27.49,27.49]
[]
[4,"011605002001","立面块料拆除",null,"m2",104.63,23.37,null,null,3.29,null,3.5,30.16]
[null,"借A1-19-30 R+200","立面块料拆除 陶瓷面砖 水泥砂浆或沥青结合层 \u007f铲除找平层 人工费+200",null,"100m2",1.0463,23.37,null,null,3.29,null,3.5,30.16,30.16]
[]
[5,"041001002001","拆除人行道",null,"m2",410.45,2.19,null,null,0.28,null,0.33,2.79]
[null,"D1-4-32","拆除人行道 普通粘土砖 平铺",null,"100m2",4.1045,2.19,null,null,0.28,null,0.33,2.79,2.79]
[]
["分部分项工程量清单综合单价分析表"]
["工程名称：板桥公园、廖地公园建设工程--园建工程",{"$nulls":9},"第 2 页 共 6 页"]
["序号","编码","名称",null,"单位","工程量 ","其中：（元）",{"$nulls":6},"综合单价\n（元）"]
[{"$nulls":6},"人工费","材料费","机械费","管理费",null,"利润","小计"]
[null,null,"园建工程"]
[6,"011201001001","墙面一般抹灰",null,"m2",104.63,59.84,90.18,0.8,9.3,null,9.1,169.21]
[null,"借A1-13-2 换","底层抹灰15mm 各种墙面 外墙 \u007f实际水泥石灰砂浆厚度(mm):8 \u007f换为【湿拌抹灰砂浆一次抹灰厚度≥5mm M15】",null,"100m2",1.0463,14.54,5.87,null,2.25,null,2.18,24.85,169.21]
[null,"借A1-13-23","墙面 聚合物水泥砂浆 20mm",null,"100m2",1.0463,22.24,38.95,0.8,3.57,null,3.46,69.02]
[null,"借A1-15-144","氟碳漆成活 墙面及天棚面",null,"100m2",1.0463,23.05,45.36,null,3.47,null,3.46,75.34]
[]
[7,"040203008001","块料面层",null,"m2",141,43.91,330.48,5.38,5.6,null,7.39,392.77]
[null,"D2-2-4","集中拌合水泥石屑混合料 水泥含量 6%",null,"m3",14.1,1.09,29.53,0.84,0.22,null,0.29,31.97,392.77]
[null,"D2-2-8 换","自卸汽车运输水泥石屑(碎石)混合料 自卸汽车装载 第一个1km \u007f实际运距(km):15",null,"100m3",0.141,null,null,3.29,0.37,null,0.49,4.16]
[null,"D2-2-12 换","机械铺筑水泥石屑(碎石)混合料 厚度 15cm \u007f实际厚度(cm):10",null,"100m2",1.41,0.42,0.16,1.07,0.17,null,0.22,2.04]
[null,"D2-4-14 换","人行道垫层 混凝土 厚度 15cm \u007f换为【普通预拌混凝土碎石粒径综合考虑 C25】",null,"100m2",1.41,15.19,95.56,0.18,1.75,null,2.31,114.98]
[null,"D2-4-3 换","花岗岩人行道砖 5cm \u007f换为【湿拌抹灰砂浆一次抹灰厚度≥5mm M15】",null,"100m2",1.41,27.21,205.22,null,3.09,null,4.08,239.61]
[]
[8,"050305006002","成品桌椅",null,"个",2,59.66,985.27,null,17.15,null,8.95,1071.03]
["分部分项工程量清单综合单价分析表"]
["工程名称：板桥公园、廖地公园建设工程--园建工程",{"$nulls":9},"第 3 页 共 6 页"]
["序号","编码","名称",null,"单位","工程量 ","其中：（元）",{"$nulls":6},"综合单价\n（元）"]
[{"$nulls":6},"人工费","材料费","机械费","管理费",null,"利润","小计"]
[null,"补子目1","成品桌椅",null,"套",2,null,850,{"$nulls":4},850,1071.03]
[null,"借A1-5-31 换","现浇混凝土其他构件 小型构件 \u007f换为【普通预拌混凝土碎石粒径综合考虑 C20】",null,"10m3",0.043,59.66,135.27,null,17.15,null,8.95,221.03]
[]
[9,"040204007002","花池砌筑",null,"m",37.78,147.12,107.81,1.98,22.88,null,22.36,302.14]
[null,"借A1-4-116 换","零星砌体 \u007f换为【湿拌砌筑砂浆砌筑灰缝≥5mm M10】",null,"10m3",0.415,35.13,37.94,null,5.32,null,5.27,83.66,302.14]
[null,"借A1-13-154 换","墙面镶贴陶瓷面砖密缝 1:2水泥砂浆 块料周长1300内 \u007f换为【湿拌抹灰砂浆一次抹灰厚度≥5mm M20】",null,"100m2",0.43447,49.25,44.53,null,7.63,null,7.39,108.8]
[null,"借A1-13-4 换","底层抹灰15mm 零星项目 \u007f换为【湿拌抹灰砂浆一次抹灰厚度≥5mm M20】",null,"100m2",0.408024,62.16,14.06,null,9.63,null,9.32,95.17]
[null,"D2-2-4","集中拌合水泥石屑混合料 水泥含量 6%",null,"m3",1.436,0.41,11.23,0.32,0.08,null,0.11,12.15]
[null,"D2-2-8 换","自卸汽车运输水泥石屑(碎石)混合料 自卸汽车装载 第一个1km \u007f实际运距(km):15",null,"100m3",0.01436,null,null,1.25,0.14,null,0.19,1.58]
[null,"D2-2-12 换","机械铺筑水泥石屑(碎石)混合料 厚度 15cm \u007f实际厚度(cm):10",null,"100m2",0.1436,0.16,0.06,0.41,0.06,null,0.08,0.78]
[]
[10,"040201022001","排水沟",null,"m",20.16,36.38,194.47,0.82,6.07,null,5.58,243.32]
[null,"借A1-4-84 换","砌砖地沟 \u007f换为【湿拌砌筑砂浆砌筑灰缝≥5mm M7.5】",null,"10m3",0.12096,11.22,21.04,null,1.7,null,1.68,35.65,243.32]
["分部分项工程量清单综合单价分析表"]
["工程名称：板桥公园、廖地公园建设工程--园建工程",{"$nulls":9},"第 4 页 共 6 页"]
["序号","编码","名称",null,"单位","工程量 ","其中：（元）",{"$nulls":6},"综合单价\n（元）"]
[{"$nulls":6},"人工费","材料费","机械费","管理费",null,"利润","小计"]
[null,"借A1-4-108 换","明沟铸铁盖板安装 32cm宽",null,"100m",0.2016,8.29,141.61,null,1.25,null,1.24,152.4]
[null,"D5-1-33 换","抹灰 砖墙墙面 \u007f换为【湿拌砌筑砂浆砌筑灰缝≥5mm M20】",null,"100m2",0.116928,13.65,8.43,0.62,2.51,null,2.14,27.35]
[null,"D5-1-14","垫层 砂碎石",null,"10m3",0.12499,3.23,23.38,0.2,0.6,null,0.51,27.93]
[]
[11,"040203007001","水泥混凝土",null,"m2",902.31,29.62,144.36,8.11,4.29,null,5.66,192.04]
[null,"D2-3-46 换","水泥混凝土路面 厚度 20cm \u007f实际厚度(cm):15 \u007f换为【普通预拌混凝土碎石粒径综合考虑 C30】",null,"100m2",9.0231,26.59,99.25,0.23,3.05,null,4.02,133.14,192.04]
[null,"D2-3-55","水泥混凝土路面养生 水养生",null,"100m2",9.0231,0.77,0.65,null,0.09,null,0.12,1.62]
[null,"D2-2-4","集中拌合水泥石屑混合料 水泥含量 6%",null,"m3",135.3465,1.63,44.3,1.26,0.33,null,0.43,47.95]
[null,"D2-2-8 换","自卸汽车运输水泥石屑(碎石)混合料 自卸汽车装载 第一个1km \u007f实际运距(km):15",null,"100m3",1.353465,null,null,4.94,0.56,null,0.74,6.24]
[null,"D2-2-12","机械铺筑水泥石屑(碎石)混合料 厚度 15cm",null,"100m2",9.0231,0.63,0.16,1.68,0.26,null,0.35,3.08]
[]
[12,"011103001001","橡胶板楼地面",null,"m2",326.84,15.25,98.46,null,2.7,null,2.29,118.69]
[null,"借A1-12-116","弹性纯PU球场面层 5mm厚",null,"100m2",3.2684,8.21,84.39,null,1.45,null,1.23,95.28,118.69]
[null,"借A1-12-1 换","楼地面水泥砂浆找平层 混凝土或硬基层上 20mm \u007f换为【湿拌抹灰砂浆一次抹灰厚度≥5mm M20】",null,"100m2",3.2684,7.04,14.07,null,1.25,null,1.06,23.41]
["分部分项工程量清单综合单价分析表"]
["工程名称：板桥公园、廖地公园建设工程--园建工程",{"$nulls":9},"第 5 页 共 6 页"]
["序号","编码","名称",null,"单位","工程量 ","其中：（元）",{"$nulls":6},"综合单价\n（元）"]
[{"$nulls":6},"人工费","材料费","机械费","管理费",null,"利润","小计"]
[]
[13,"040201022002","排水渠",null,"m",88,73.73,308.05,7.82,13.06,null,12.23,414.89]
[null,"借A1-4-84 换","砌砖地沟 \u007f换为【湿拌砌筑砂浆砌筑灰缝≥5mm M7.5】",null,"10m3",1.056,22.44,42.09,null,3.4,null,3.37,71.29,414.89]
[null,"借A1-4-109","明沟铸铁盖板安装 49cm宽",null,"100m",0.88,12.27,136.96,null,1.86,null,1.84,152.93]
[null,"D5-1-33 换","抹灰 砖墙墙面 \u007f换为【湿拌防水砂浆：P6用于抗渗压力要求的工程部位 M20】",null,"100m2",0.7568,20.23,12.99,0.92,3.72,null,3.17,41.04]
[null,"D5-1-32 换","抹灰 底面 \u007f换为【湿拌防水砂浆：P6用于抗渗压力要求的工程部位 M20】",null,"100m2",0.2288,2.91,3.93,0.28,0.56,null,0.48,8.15]
[null,"D5-1-13 换","垫层 混凝土 \u007f换为【普通预拌混凝土碎石粒径综合考虑 C25】",null,"10m3",0.757,5.84,54.73,0.09,1.04,null,0.89,62.59]
[null,"D5-3-303 换","混凝土井盖、井圈制作 井圈 \u007f换为【普通预拌混凝土碎石粒径综合考虑 C25】",null,"10m3",0.352,8.43,25.88,1.02,1.66,null,1.42,38.42]
[null,"D2-2-4","集中拌合水泥石屑混合料 水泥含量 6%",null,"m3",9.328,1.15,31.31,0.89,0.23,null,0.31,33.89]
[null,"D2-2-8 换","自卸汽车运输水泥石屑(碎石)混合料 自卸汽车装载 第一个1km \u007f实际运距(km):15",null,"100m3",0.09328,null,null,3.49,0.4,null,0.52,4.41]
[null,"D2-2-12 换","机械铺筑水泥石屑(碎石)混合料 厚度 15cm \u007f实际厚度(cm):10",null,"100m2",0.9328,0.44,0.17,1.13,0.18,null,0.24,2.16]
[]
[14,"010504004001","挡土墙",null,"m",88,87.19,453.92,0.57,18.6,null,13.16,573.44]
["分部分项工程量清单综合单价分析表"]
["工程名称：板桥公园、廖地公园建设工程--园建工程",{"$nulls":9},"第 6 页 共 6 页"]
["序号","编码","名称",null,"单位","工程量 ","其中：（元）",{"$nulls":6},"综合单价\n（元）"]
[{"$nulls":6},"人工费","材料费","机械费","管理费",null,"利润","小计"]
[null,"借A1-5-6 换","现浇建筑物混凝土 构造柱 \u007f换为【普通预拌混凝土碎石粒径综合考虑 C25】",null,"10m3",0.30067,6.44,21.5,0.04,1.86,null,0.97,30.83,573.44]
[null,"借A1-5-10 换","现浇建筑物混凝土 圈、过、弧形梁 \u007f换为【普通预拌混凝土碎石粒径综合考虑 C25】",null,"10m3",0.50688,6.66,37.3,0.08,1.94,null,1.01,46.99]
[null,"借A1-4-6 换","混水砖外墙 墙体厚度 1砖 \u007f换为【湿拌砌筑砂浆砌筑灰缝≥5mm M5】",null,"10m3",2.14925,46.64,86.34,null,7.06,null,7,147.04]
[null,"借A1-5-2 换","现浇建筑物混凝土 其他混凝土基础 \u007f换为【普通预拌混凝土碎石粒径综合考虑 C25】",null,"10m3",2.64,13.71,190.9,0.24,4.01,null,2.09,210.96]
[null,"借A1-5-78 换","混凝土垫层 \u007f换为【普通预拌混凝土碎石粒径综合考虑 C15】",null,"10m3",1.056,6.94,70.98,null,2,null,1.04,80.96]
[null,"借A1-5-105","现浇构件带肋钢筋 φ10以内",null,"t",0.6324,4.71,40.43,0.21,1.42,null,0.74,47.52]
[null,"D3-5-27","安装泄水孔 塑料管",null,"10m",2.112,1.49,4.15,null,0.24,null,0.22,6.11]
[null,"D1-2-7","碎石滤层 厚度在10cm内",null,"10m3",0.0792,0.58,2.3,null,0.07,null,0.09,3.05]
[]
[15,"040205019001","硬塑车档",null,"个",70,null,60,{"$nulls":4},60]
[null,"补子目2","硬塑车档",null,"个",70,null,60,{"$nulls":4},60,60]
[]
[16,"040205006001","标线",null,"m2",39.1,2.75,21.44,6.97,1.1,null,1.46,33.73]
[null,"D2-5-32","热熔标线 普通型",null,"10m2",3.91,2.75,21.44,6.97,1.1,null,1.46,33.73,33.73]

{"sheet":"表-11 总价措施项目清单与计价表","index":3,"n_rows":21,"n_cols":11,"rows_kept":21,"merged":[[0,0,0,10],[1,0,1,5],[1,6,1,7],[1,8,1,10],[2,5,2,6],[2,7,2,8],[3,5,3,6],[3,7,3,8],[4,5,4,6],[4,7,4,8],[5,0,5,5],[5,6,5,10],[6,0,6,10],[7,0,7,5],[7,6,7,7],[7,8,7,10],[8,0,8,10],[9,0,9,5],[9,6,9,7],[9,8,9,10],[10,5,10,6],[10,7,10,8],[11,5,11,6],[11,7,11,8],[12,5,12,6],[12,7,12,8],[13,5,13,6],[13,7,13,8],[14,5,14,6],[14,7,14,8],[15,5,15,6],[15,7,15,8],[16,5,16,6],[16,7,16,8],[17,0,17,4],[17,5,17,6],[17,7,17,8],[18,0,18,5],[18,6,18,10],[19,0,19,10],[20,0,20,5],[20,6,20,7],[20,8,20,10]]}
["总价措施项目清单与计价表"]
["工程名称：板桥公园、廖地公园建设工程--园建工程",{"$nulls":5},"标段：",null,"第 1 页  共 2 页"]
["序号","项目编码","项目名称","计算基础","费率\n(%)","金额\n(元)",null,"调整\n费率(%)",null,"调整后\n金额(元)","备注"]
["1","LSSGCSF00001","绿色施工安全防护措施费","分部分项人工费+分部分项机具费","19.8",15970.09,{"$nulls":4},"以分部分项的人工费与施工机具费之和为计算基础；以专业工程类型\n区分不同费率计算；\n单独场地平整工程费率为4.35%；\n道路、管网工程费率为16.50%；\n桥涵、隧道、水处理构筑物工程费率为14.50%；\n\n分部分项工程总费用在300 万元以内（含300 万元）的项目按基本费率乘以1.20；"]
["2","粤041109009001","文明工地增加费","分部分项人工费+分部分项机具费","0",{"$nulls":5},"以分部分项的人工费与施工机具费之和为计算基础；市级文明工地0.60%"]
["编制人（造价人员）：",{"$nulls":5},"复核人（造价工程师）："]
["注：1.“计算基础”中安全文明施工费可为“定额基价”、“定额人工费”或“定额人工费+定额机械费”，其他项目可为“定额人工费”或“定额人工费+定额机械费”。\n    2.按施工方案计算的措施费，若无“计算基础”和“费率”的数值，也可只填“金额”数值，但应在备注栏说明施工方案出处或计算方法。"]
[{"$nulls":8},"表-11"]
["总价措施项目清单与计价表"]
["工程名称：板桥公园、廖地公园建设工程--园建工程",{"$nulls":5},"标段：",null,"第 2 页  共 2 页"]
["序号","项目编码","项目名称","计算基础","费率\n(%)","金额\n(元)",null,"调整\n费率(%)",null,"调整后\n金额(元)","备注"]
[{"$nulls":10},"；省级文明工地1.20%"]
["3","041109002001","夜间施工增加费",null,"20",{"$nulls":5},"以夜间施工项目人工费的20%计算"]
["4","041109005001","交通疏解员增加费",null,"15",{"$nulls":5},"按照项目分部分项人工费的15%计算（有方案的按照方案计算），\n结算时据实结算。"]
["5","041108001001","地下管线交叉降效费",null,"0",{"$nulls":5},"按实际发生或经批准的施工方案计算"]
["6","粤041109008001","赶工措施费","分部分项人工费+分部分项机具费","0",{"$nulls":5},"赶工措施费=（1-δ）*分部分项的（人工费+施工机具费）*0.30 （0.8≤δ＜1   式中：δ=合同工期/定额工期）"]
["7","QTFY00000001","其他费用",{"$nulls":7},"按实际发生或经批准的施工组织设计方案计算"]
["合    计",{"$nulls":4},15970.09]
["编制人（造价人员）：",{"$nulls":5},"复核人（造价工程师）："]
["注：1.“计算基础”中安全文明施工费可为“定额基价”、“定额人工费”或“定额人工费+定额机械费”，其他项目可为“定额人工费”或“定额人工费+定额机械费”。\n    2.按施工方案计算的措施费，若无“计算基础”和“费率”的数值，也可只填“金额”数值，但应在备注栏说明施工方案出处或计算方法。"]
[{"$nulls":8},"表-11"]

{"sheet":"表-12 其他项目清单与计价汇总表","index":4,"n_rows":38,"n_cols":7,"rows_kept":38,"merged":[[0,0,0,4],[0,5,0,7],[1,0,1,7],[2,0,2,2],[2,3,2,4],[2,5,2,7],[3,2,3,3],[3,4,3,5],[4,2,4,3],[4,4,4,5],[5,2,5,3],[5,4,5,5],[6,2,6,3],[6,4,6,5],[7,2,7,3],[7,4,7,5],[8,2,8,3],[8,4,8,5],[9,2,9,3],[9,4,9,5],[10,2,10,3],[10,4,10,5],[11,2,11,3],[11,4,11,5],[12,2,12,3],[12,4,12,5],[13,2,13,3],[13,4,13,5],[14,2,14,3],[14,4,14,5],[15,2,15,3],[15,4,15,5],[16,2,16,3],[16,4,16,5],[17,2,17,3],[17,4,17,5],[18,2,18,3],[18,4,18,5],[19,2,19,3],[19,4,19,5],[20,2,20,3],[20,4,20,5],[21,2,21,3],[21,4,21,5],[22,2,22,3],[22,4,22,5],[23,2,23,3],[23,4,23,5],[24,2,24,3],[24,4,24,5],[25,2,25,3],[25,4,25,5],[26,2,26,3],[26,4,26,5],[27,2,27,3],[27,4,27,5],[28,2,28,3],[28,4,28,5],[29,2,29,3],[29,4,29,5],[30,2,30,3],[30,4,30,5],[31,2,31,3],[31,4,31,5],[32,2,32,3],[32,4,32,5],[33,2,33,3],[33,4,33,5],[34,2,34,3],[34,4,34,5],[35,2,35,3],[35,4,35,5],[36,0,36,7],[37,0,37,2],[37,3,37,4],[37,5,37,7]]}
[]
["其他项目清单与计价汇总表"]
["工程名称：板桥公园、廖地公园建设工程--园建工程",null,null,"标段：",null,"第 1 页  共 1 页"]
["序号","项目名称","金额（元）",null,"结算金额（元）",null,"备注"]
["1","暂列金额",{"$nulls":4},"明细详见表-12-1"]
["2","暂估价"]
["2.1","材料暂估价","—",{"$nulls":3},"明细详见表-12-2"]
["2.2","专业工程暂估价",{"$nulls":4},"明细详见表-12-3"]
["3","计日工",{"$nulls":4},"明细详见表-12-4"]
["4","总承包服务费",{"$nulls":4},"明细详见表-12-5"]
["5","预算包干费","4839.42"]
["6","工程优质费"]
["7","概算幅度差"]
["8","现场签证费用"]
["9","索赔费用"]
["10","其他费用"]
{"$rows_empty":19}
[null,"合  计","4839.42",{"$nulls":3},"—"]
["注：材料（工程设备）暂估单价进入清单项目综合单价，此处不汇总。"]
[{"$nulls":5},"表—12"]

{"sheet":"表-13 规费、税金项目清单与计价表","index":5,"n_rows":37,"n_cols":8,"rows_kept":37,"merged":[[0,0,0,7],[1,0,1,2],[1,3,1,5],[1,6,1,7],[2,2,2,3],[2,5,2,6],[3,2,3,3],[3,5,3,6],[4,2,4,3],[4,5,4,6],[5,2,5,3],[5,5,5,6],[6,2,6,3],[6,5,6,6],[7,2,7,3],[7,5,7,6],[8,2,8,3],[8,5,8,6],[9,2,9,3],[9,5,9,6],[10,2,10,3],[10,5,10,6],[11,2,11,3],[11,5,11,6],[12,2,12,3],[12,5,12,6],[13,2,13,3],[13,5,13,6],[14,2,14,3],[14,5,14,6],[15,2,15,3],[15,5,15,6],[16,2,16,3],[16,5,16,6],[17,2,17,3],[17,5,17,6],[18,2,18,3],[18,5,18,6],[19,2,19,3],[19,5,19,6],[20,2,20,3],[20,5,20,6],[21,2,21,3],[21,5,21,6],[22,2,22,3],[22,5,22,6],[23,2,23,3],[23,5,23,6],[24,2,24,3],[24,5,24,6],[25,2,25,3],[25,5,25,6],[26,2,26,3],[26,5,26,6],[27,2,27,3],[27,5,27,6],[28,2,28,3],[28,5,28,6],[29,2,29,3],[29,5,29,6],[30,2,30,3],[30,5,30,6],[31,2,31,3],[31,5,31,6],[32,2,32,3],[32,5,32,6],[33,2,33,3],[33,5,33,6],[34,0,34,6],[35,0,35,2],[35,3,35,7],[36,0,36,2],[36,3,36,5],[36,6,36,7]]}
["规费、税金项目清单与计价表"]
["工程名称：板桥公园、廖地公园建设工程--园建工程",null,null,"标段：",null,null,"第 1 页  共 1 页"]
["序号","项目名称","计算基础",null,"取费基数","计算费率\n(%)",null,"金额(元)"]
["1","增值税销项税额","分部分项合计+措施合计+其他项目",null,429025.09,"9",null,38612.26]
{"$rows_empty":30}
["合    计",{"$nulls":6},38612.26]
[" 编制人（造价人员）：",null,null,"复核人（造价工程师）："]
[{"$nulls":6},"表—13"]

{"sheet":"单位工程人材机汇总表","index":6,"n_rows":107,"n_cols":9,"rows_kept":107,"merged":[[0,0,0,9],[1,0,1,5],[1,7,1,9],[2,5,2,7],[3,5,3,7],[4,5,4,7],[5,5,5,7],[6,5,6,7],[7,5,7,7],[8,5,8,7],[9,5,9,7],[10,5,10,7],[11,5,11,7],[12,5,12,7],[13,5,13,7],[14,5,14,7],[15,5,15,7],[16,5,16,7],[17,5,17,7],[18,5,18,7],[19,5,19,7],[20,5,20,7],[21,5,21,7],[22,5,22,7],[23,5,23,7],[24,5,24,7],[25,5,25,7],[26,5,26,7],[27,5,27,7],[28,5,28,7],[29,5,29,7],[30,5,30,7],[31,5,31,7],[32,5,32,7],[33,5,33,7],[34,5,34,7],[35,5,35,7],[36,0,36,9],[37,0,37,5],[37,7,37,9],[38,5,38,7],[39,5,39,7],[40,5,40,7],[41,5,41,7],[42,5,42,7],[43,5,43,7],[44,5,44,7],[45,5,45,7],[46,5,46,7],[47,5,47,7],[48,5,48,7],[49,5,49,7],[50,5,50,7],[51,5,51,7],[52,5,52,7],[53,5,53,7],[54,5,54,7],[55,5,55,7],[56,5,56,7],[57,5,57,7],[58,5,58,7],[59,5,59,7],[60,5,60,7],[61,5,61,7],[62,5,62,7],[63,5,63,7],[64,5,64,7],[65,5,65,7],[66,5,66,7],[67,5,67,7],[68,5,68,7],[69,5,69,7],[70,0,70,9],[71,0,71,5],[71,7,71,9],[72,5,72,7],[73,5,73,7],[74,5,74,7],[75,5,75,7],[76,5,76,7],[77,5,77,7],[78,5,78,7],[79,5,79,7],[80,5,80,7],[81,5,81,7],[82,5,82,7],[83,5,83,7],[84,5,84,7],[85,5,85,7],[86,5,86,7],[87,5,87,7],[88,5,88,7],[89,5,89,7],[90,5,90,7],[91,5,91,7],[92,5,92,7],[93,5,93,7],[94,5,94,7],[95,5,95,7],[96,5,96,7],[97,5,97,7],[98,5,98,7],[99,5,99,7],[100,5,100,7],[101,5,101,7],[102,5,102,7],[103,5,103,7],[104,5,104,7],[105,5,105,7],[106,5,106,7]]}
["单位工程人材机汇总表"]
["工程名称：板桥公园、廖地公园建设工程--园建工程",{"$nulls":6},"第 1 页  共 3 页"]
["序号","编码","名称及规格","单位","数量","单价\n（元）",null,null,"合价\n（元）"]
[1,"00010010","人工费","元",70585.3564,1,null,null,70585.36]
[2,"RGFTZ","人工费调整","元",209.26,1,null,null,209.26]
[3,"01010120","螺纹钢筋φ10以内","t",0.645,5471.5,null,null,3529.12]
[4,"01030017","镀锌低碳钢丝φ4.0","kg",27.7627,5.98,null,null,166.02]
[5,"01030031","镀锌低碳钢丝φ0.7~1.2","kg",3.5667,5.98,null,null,21.33]
[6,"02090090","塑料薄膜","m2",81.4444,0.26,null,null,21.18]
[7,"02270070","土工布","m2",43.0442,6.69,null,null,287.97]
[8,"03019021","圆钉50~75","kg",14.6136,3.54,null,null,51.73]
[9,"03134011","水砂纸","张",12.5556,0.77,null,null,9.67]
[10,"03213001","铁件综合","kg",58.6502,6.96,null,null,408.21]
[11,"03214101@1","福建633烧面花岗岩排水沟盖30×300×300","十块",4.153,687.43,null,null,2854.9]
[12,"03214106","铸铁盖板490×500×18","十块",18.128,632.23,null,null,11461.07]
[13,"04010015","复合普通硅酸盐水泥P.O 42.5","t",23.2147,528,null,null,12257.36]
[14,"04010045","白色硅酸盐水泥32.5","t",0.0043,839.63,null,null,3.61]
[15,"04030015","中砂","m3",3.1444,276.71,null,null,870.09]
[16,"04050040","碎石40","m3",2.0839,250.28,null,null,521.56]
[17,"04070045","石屑","m3",218.367,163.11,null,null,35617.84]
[18,"04130001","灰砂砖240×115×53","千块",20.1549,378.65,null,null,7631.65]
[19,"05030060","板枋材综合","m3",0.3068,1592.08,null,null,488.45]
[20,"05030080","松杂板枋材","m3",0.8205,1348.1,null,null,1106.12]
[21,"05050120","防水胶合板模板用 18mm","m2",8.01,33.14,null,null,265.45]
[22,"07010023@1","仿古青砖120×240","m2",45.1849,33.5,null,null,1513.69]
[23,"13010035","丙烯酸聚氨酯漆","kg",25.017,30,null,null,750.51]
[24,"13010530","热塑标线底漆","kg",6.647,9.6,null,null,63.81]
[25,"13030505","腻子粉(氟碳漆用)","kg",296.7307,4.5,null,null,1335.29]
[26,"13050160","聚氨酯面层主剂","kg",509.8704,21.46,null,null,10941.82]
[27,"13050280","喷面漆","kg",6.5368,13,null,null,84.98]
[28,"13050500","油性防锈漆","kg",43.912,11.89,null,null,522.11]
[29,"13090015","氟碳清漆","kg",6.3301,86,null,null,544.39]
[30,"13090030","金属氟碳漆面漆","kg",18.3103,81.2,null,null,1486.8]
[31,"13110001","画线漆主剂","kg",3.2684,38.62,null,null,126.23]
[32,"13110040","热熔标线涂料","kg",190.5343,3.6,null,null,685.92]
[33,"14010030","松节油","kg",7.832,8.84,null,null,69.23]
["单位工程人材机汇总表"]
["工程名称：板桥公园、廖地公园建设工程--园建工程",{"$nulls":6},"第 2 页  共 3 页"]
["序号","编码","名称及规格","单位","数量","单价\n（元）",null,null,"合价\n（元）"]
[34,"14350125","丙烯酸聚氨酯稀释剂","kg",14.7528,15,null,null,221.29]
[35,"14350170","底层硬化剂","kg",194.4698,11,null,null,2139.17]
[36,"14350180","底层主剂","kg",583.4094,11,null,null,6417.5]
[37,"14350230","防重流添加剂","kg",16.9957,10.65,null,null,181]
[38,"14350250","隔离剂","kg",8.901,7.05,null,null,62.75]
[39,"14350273","氟碳漆固化剂","kg",1.6532,63,null,null,104.15]
[40,"14350275","丙烯酸固化剂","kg",4.4572,22,null,null,98.06]
[41,"14350290","画线漆硬化剂","kg",3.2684,38.62,null,null,126.23]
[42,"14350390","聚氨酯面层硬化剂","kg",254.9352,17.53,null,null,4469.01]
[43,"14350410","聚合物乳液","kg",267.3297,9.87,null,null,2638.54]
[44,"14350630","脱模剂","kg",-15.4836,5.13,null,null,-79.43]
[45,"14350680","稀释剂","kg",63.7338,16.7,null,null,1064.35]
[46,"14350687","氟碳漆面漆稀释剂","kg",4.9595,32,null,null,158.7]
[47,"14390080","液化石油气","m3",6.1387,6.97,null,null,42.79]
[48,"14410150","单液粘结剂","kg",65.368,31.08,null,null,2031.64]
[49,"17250080@1","塑料排水管DN110","m",21.5424,16.91,null,null,364.28]
[50,"34090010","白棉纱","kg",0.4345,11.47,null,null,4.98]
[51,"34110010","水","m3",253.254,4.58,null,null,1159.9]
[52,"35010010","钢模板","kg",83.8968,4.44,null,null,372.5]
[53,"36210030","反光材料(玻璃珠)","kg",12.9812,2.45,null,null,31.8]
[54,"99450760","其他材料费","元",640.1263,1,null,null,640.13]
[55,"BCCLF4","成品桌椅","套",2,850,null,null,1700]
[56,"BCCLF6","硬塑车档","个",70,60,null,null,4200]
[57,"CLFTZ","材料费调整","元",-0.2119,1,null,null,-0.21]
[58,"8021902","普通预拌混凝土碎石粒径综合考虑 C15","m3",10.7184,582,null,null,6238.11]
[59,"8021903","普通预拌混凝土碎石粒径综合考虑 C20","m3",0.4343,601,null,null,261.01]
[60,"8021904","普通预拌混凝土碎石粒径综合考虑 C25","m3",67.5942,622,null,null,42043.59]
[61,"8021905","普通预拌混凝土碎石粒径综合考虑 C30","m3",138.0534,640,null,null,88354.18]
[62,"8005901","湿拌砌筑砂浆砌筑灰缝≥5mm M5","m3",4.9218,627,null,null,3085.97]
[63,"8005902","湿拌砌筑砂浆砌筑灰缝≥5mm M7.5","m3",2.6835,632,null,null,1695.97]
[64,"8005903","湿拌砌筑砂浆砌筑灰缝≥5mm M10","m3",0.8757,637,null,null,557.82]
["单位工程人材机汇总表"]
["工程名称：板桥公园、廖地公园建设工程--园建工程",{"$nulls":6},"第 3 页  共 3 页"]
["序号","编码","名称及规格","单位","数量","单价\n（元）",null,null,"合价\n（元）"]
[65,"8005905@1","湿拌砌筑砂浆M20","m3",0.2542,662,null,null,168.28]
[66,"8005908@2","湿拌抹灰砂浆M15","m3",5.2042,656,null,null,3413.96]
[67,"8005909@3","湿拌抹灰砂浆M20","m3",7.5916,672,null,null,5101.56]
[68,"8005915@2","湿拌防水砂浆P6 M20","m3",2.1427,688,null,null,1474.18]
[69,"08000005@1","芝麻灰烧面花岗岩600×300×50","m2",143.82,180,null,null,25887.6]
[70,"00010003","机上人工","工日",16.566,230,null,null,3810.18]
[71,"99450630","折旧费","元",2197.1816,1,null,null,2197.18]
[72,"99450640","检修费","元",418.2209,1,null,null,418.22]
[73,"99450650","维护费","元",1366.3862,1,null,null,1366.39]
[74,"99450660","安拆费","元",65.4793,1,null,null,65.48]
[75,"99450670","汽油(机械用)国Ⅲ93#","kg",25.1476,6.74,null,null,169.49]
[76,"99450680","柴油(机械用)0#","kg",465.4515,6.36,null,null,2960.27]
[77,"99450700","电(机械用)","kw·h",452.6333,0.77,null,null,348.53]
[78,"99450700@1","电(机械用)","kW·h",6.324,0.77,null,null,4.87]
[79,"JXFTZ","机械费调整","元",0.1374,1,null,null,0.14]
{"$rows_empty":18}
[null,null,"合计",{"$nulls":5},384264.84]